|
|
|
|
| LEADER |
01213nam a2200277 u 4500 |
| 001 |
10021993 |
| 003 |
upatras |
| 005 |
20210117205616.0 |
| 008 |
990123s1990 uk eng |
| 020 |
|
|
|a 0521357047
|
| 040 |
|
|
|a GR-PaULI
|c GR-PaULI
|
| 041 |
0 |
|
|a eng
|
| 082 |
0 |
4 |
|a 438
|
| 100 |
1 |
|
|a Barbour, Stephen
|9 146960
|
| 245 |
1 |
0 |
|a Variation in german
|b a critical approach to german sociolinguistics
|c Stephen Barbour and Patrick Stevenson
|
| 260 |
|
|
|a Cambridge
|a New York
|b Cambridge University Press
|c 1990
|
| 300 |
|
|
|a xiii, 308 p.
|b fig., maps
|c 24 cm.
|
| 504 |
|
|
|a Includes bibliographical references and indexes
|
| 650 |
|
4 |
|a Γερμανική γλώσσα
|x Γλωσσολογία
|9 747
|
| 650 |
|
4 |
|a Κοινωνιογλωσσολογία
|9 3336
|
| 700 |
1 |
|
|a Stevenson, Patrick
|9 146961
|
| 852 |
|
|
|a GR-PaULI
|b ΠΑΤΡΑ
|b ΦΙΛΟΛΟΓΙΑ
|k ΑΣΧΞ
|h 438 Β
|m 041998
|p 025000006351
|t 1
|
| 942 |
|
|
|2 ddc
|c BK15
|
| 952 |
|
|
|0 0
|1 0
|2 ddc
|4 0
|6 438_000000000000000_ΒAR
|7 0
|9 185532
|a LISP
|b LISP
|c BSC
|d 2016-04-24
|i 041998
|l 0
|o 438 ΒAR
|p 025000006351
|r 2016-04-24 00:00:00
|t 1
|w 2016-04-24
|y BK15
|x Μεταφορά Τμήματος Φιλολογίας
|
| 998 |
|
|
|c ΠΑΝΑΓΟΠΟΥΛΟΥ
|d 1999-05
|
| 999 |
|
|
|c 114312
|d 114312
|